• 首页
  • 本馆介绍
  • 公告通知
  • 最新文献
  • 馆藏检索
  • 电子资源
  • 读者导购
  • 参考咨询
  • 我的图书馆
  • 登录
  • 详细信息显示
  • 放入我的书架
  • 预约/预借图书
  • 作者相关作品
  • 分类相关作品
  • 丛书相关作品
  • 出版社相关作品

书目信息

  • 表格格式
  • 工作单格式
  • 卡片格式
题名:
机械工程基础
    
 
作者: 李红 主编
分册:  
出版信息: 北京   电子工业出版社  2014.02
页数: 193页
开本: 26cm
丛书名:
单 册:
中图分类: TH-43
科图分类:
主题词: 机械工程--高等职业教育--教材 , 机械工程
电子资源:
ISBN: 978-7-121-21489-9
000 01005nam0 2200265 450
001 007066513
005 20170327082617.31
010    @a978-7-121-21489-9@dCNY32.00
100    @a20140311d2014 em y0chiy50 ea
101 0  @achi
102    @aCN@b110000
105    @aa z 000yy
106    @ar
200 1  @a机械工程基础@9ji xie gong cheng ji chu@f李红主编
210    @a北京@c电子工业出版社@d2014.02
215    @a193页@d26cm
300    @a全国高等职业教育“十二五”规划教材 全国高职高专院校规划教材·精品与示范系列
330    @a本书通过4个项目讲解机械基础知识,主要包括:标准化概念,零件的联接、拆卸方法,设备的润滑与密封;极限与配合,轴的结构,轴上的零件(键、轴承),齿轮基本工作原理与参数,轮系的传动比计算,零件的形位公差,齿轮的公差,机构的自由度,四连杆机构,凸轮机构,带传动机构等。
333    @a高职
606 0  @a机械工程@x高等职业教育@j教材
606 0  @a机械工程
690    @aTH-43@v5
701  0 @a李红@9li hong@4主编
801  0 @aCN@bNLC@c20140325
905    @b980627-30@dTH-43@e43@f4
    
    机械工程基础/李红主编.-北京:电子工业出版社,2014.02
    193页;26cm
    全国高等职业教育“十二五”规划教材 全国高职高专院校规划教材·精品与示范系列.-使用对象:高职
    
    ISBN 978-7-121-21489-9:CNY32.00
    本书通过4个项目讲解机械基础知识,主要包括:标准化概念,零件的联接、拆卸方法,设备的润滑与密封;极限与配合,轴的结构,轴上的零件(键、轴承),齿轮基本工作原理与参数,轮系的传动比计算,零件的形位公差,齿轮的公差,机构的自由度,四连杆机构,凸轮机构,带传动机构等。
●
相关链接 在E读中查询图书 在五车中查询图书 在当当中查询图书 在豆瓣中查询图书


正题名:机械工程基础     索取号:TH-43/43         预约/预借

序号 登录号 条形码 馆藏地/架位号 状态 备注
1 980627   209806272   第二样本阅览室/ [索取号:TH-43/43] 在馆    
2 980628   209806281   第三借阅区/ [索取号:TH-43/43] 在馆    
3 980629   209806290   第三借阅区/ [索取号:TH-43/43] 在馆    
4 980630   209806307   密集书库-物理学院/ [索取号:TH-43/43] 在馆    
唐山师范学院图书馆 欢迎您!
大连网信软件有限公司© 版权所有